Loading...
| Social Science | 0 | 6 | 0 | 0 | 60 | 19 | 59.83 | 4 | 5 | 26.36 | 47.73 |
| History - World | 0 | 4 | 0 | 1 | 40 | 62 | 92.25 | 0 | 2 | 9.96 | 17.05 |
| History - European | 0 | 4 | 0 | 0 | 40 | 56 | 71.00 | 3 | 4 | 15.77 | 33.21 |
| History - Other | 0 | 4 | 0 | 0 | 40 | 55 | 69.50 | 1 | 2 | 15.30 | 26.14 |
| Pop Culture | 0 | 3 | 0 | 1 | 30 | 59 | 93.33 | 1 | 1 | 31.93 | 54.17 |
| History - American | 0 | 3 | 2 | 0 | 20 | 54 | 64.00 | 1 | 3 | 13.05 | 22.56 |
| Geography/Current Events | 0 | 2 | 0 | 0 | 20 | 59 | 76.00 | 1 | 1 | 12.87 | 20.83 |
| Fine Arts - Classical Music | 0 | 2 | 1 | 0 | 15 | 39 | 86.00 | 0 | 1 | 6.71 | 10.35 |
| Other Academic | 0 | 1 | 0 | 0 | 10 | 110 | 110.00 | 0 | 0 | 7.36 | 31.25 |
| Fine Arts - Other | 0 | 1 | 0 | 0 | 10 | 108 | 108.00 | 0 | 1 | 2.13 | 6.82 |
| Literature - American | 0 | 1 | 0 | 0 | 10 | 100 | 100.00 | 0 | 0 | 2.50 | 4.55 |
| Religion | 0 | 1 | 0 | 0 | 10 | 44 | 44.00 | 1 | 1 | 6.06 | 9.09 |
| Philosophy | 0 | 0 | 1 | 0 | -5 | 0.00 | 0 | 0 | 0.00 | 0.00 |